Normal view
MARC view
- الشعر الأوردي - تاريخ ونقد - ترجمة
Entry Topical Term
001 - CONTROL NUMBER
- control field: 20647
003 - CONTROL NUMBER IDENTIFIER
- control field: JO-AjAnu
005 - DATE AND TIME OF LATEST TRANSACTION
- control field: 20230606073604.0
008 - FIXED-LENGTH DATA ELEMENTS
- fixed length control field: 230606|| aca||aabn | a|a d
040 ## - CATALOGING SOURCE
- Original cataloging agency: JO-AjAnu
- Transcribing agency: JO-AjAnu
150 ## - HEADING--TOPICAL TERM
- Topical term or geographic name entry element: الشعر الأوردي - تاريخ ونقد - ترجمة
670 ## - SOURCE DATA FOUND
- Source citation: Work cat.: (JO-AjAnu)10602: ترجمة فرج،يوسف عبد الفتاح ؛ مراجعة وتصدير محمد علاء الدين منصور, author 20646, من مثنويات: محمد إقبال، 1- والآن ماذا ينبغي أن نفعل يا أمم الشرق 2- المسافر